Statistics for Guess that Diamondbacks Player's Number

Click here to take the quiz!

General Stats

  • This quiz has been taken 11 times
  • The average score is 10 of 16

Answer Stats

Player # % Correct
Paul Goldschmidt44
100%
Randy Johnson51
88%
Zack Greinke21
75%
Jake Lamb22
75%
Luis Gonzalez20
75%
A.J Pollock11
75%
Stephen Drew6
63%
Patrick Corbin46
63%
Nick Ahmed13
63%
Yasmany Tomas24
50%
Robbie Ray38
50%
Chris Young24
50%
Brandon Drury27
50%
Curt Schilling38
50%
Fernando Rodney56
38%
Brandon Webb17
38%

Score Distribution

Percentile by Number Answered

Percent of People with Each Score

Your Score History

You have not taken this quiz